UK Green Building Council (Record no. 120494)
[ view plain ]
| 000 -LEADER | |
|---|---|
| fixed length control field | 00893cam a2200229 4500 |
| 001 - CONTROL NUMBER | |
| control field | K120494 |
| 008 - FIXED-LENGTH DATA ELEMENTS--GENERAL INFORMATION | |
| fixed length control field | 060623n2020 000 0 eng u |
| 035 ## - SYSTEM CONTROL NUMBER | |
| System control number | (Sirsi) u133953 |
| 041 0# - LANGUAGE CODE | |
| Language code of text/sound track or separate title | eng |
| 110 1# - MAIN ENTRY--CORPORATE NAME | |
| Corporate author | United Kingdom |
| Subordinate unit | Green Building Council |
| 9 (RLIN) | 4966 |
| 245 00 - TITLE STATEMENT | |
| Title | UK Green Building Council |
| 520 ## - ABSTRACT | |
| Abstract | Aims to reduce the environmental impact of buildings by promoting and championing the design and construction of sustainable buildings, which are also profitable and healthy places in which to live and work. Published definition of net-zero carbon in relation to building assets in April 2019. |
| 650 ## - KEYWORDS | |
| Keywords | Valuetheplanet |
| 650 ## - KEYWORDS | |
| Keywords | Net zero carbon |
| 650 ## - KEYWORDS | |
| Keywords | Climate change |
| 651 #4 - SUBJECT ADDED ENTRY--GEOGRAPHIC NAME | |
| Geographic name | United Kingdom |
| 690 ## - LOCAL SUBJECT ADDED ENTRY--TOPICAL TERM (OCLC, RLIN) | |
| Topical term or geographic name as entry element | Sustainability |
| 9 (RLIN) | 6271 |
| 856 40 - ONLINE RESOURCE | |
| Uniform Resource Identifier | https://www.ukgbc.org |
| Public note | View the website www.ukgbc.org... |
| 942 ## - ADDED ENTRY ELEMENTS (KOHA) | |
| Suppress in OPAC | Do not suppress in OPAC |
| Source of classification or shelving scheme | Dewey Decimal Classification |
| 590 ## - LOCAL NOTE (RLIN) | |
| Local note | IKA040706 |
| 651 #4 - SUBJECT ADDED ENTRY--GEOGRAPHIC NAME | |
| Chronological subdivision | |
| Withdrawn status | Lost status | Damaged status | Not for loan | Home library | Current library | Date acquired | Total Checkouts | Date last seen | Price effective from | Koha item type |
|---|---|---|---|---|---|---|---|---|---|---|
| London | London | 21/01/2020 | 21/01/2020 | 21/01/2020 | News article |